000 00554nam a2200217Ia 4500
005 20250923150149.0
008 008 250917s9999 xx 000 0 eng d
037 _aTextual
040 _aDSWL
_beng
_cDSWL
041 _aeng
_2eng
084 _qDSWL
100 _aLeon, David
_9842931
245 0 _aPoverty , inequality and health
_cby David Leon
260 _aOxford
_bOUP
_c2001
300 _a358p.
365 _aINR
_b695 .0
650 _a Gill Walt
_9842932
925 _g695 .0
942 _cTEXL
999 _c1460288
_d1460288